000 00313nam a22001337a 4500
020 _a817826345-9
082 _a823
_bSHA/M
100 _aWILLIAM SHAKESPEARE
245 _aMIDSUMMER NIGHT'S DREAM
260 _aDELHI
_bROHAN BOOK COMPANY
_c2003
300 _a224
650 _aMODERN ILLUSTRATED CLASSICS
942 _cBK
999 _c428
_d428